[Event "2. Bundesliga West 2011/12"]
[Site "Hohenems"]
[Date "2011.10.07"]
[Round "1"]
[Board "6"]
[White "Kranz, Armin"]
[Black "Froewis, Annika"]
[Result "1-0"]
[WhiteElo "2100"]
[BlackElo "1978"]
[PlyCount "61"]
[EventDate "2011.10.07"]
[EventType "team"]
[EventRounds "11"]
[EventCountry "AUT"]
[WhiteTeam "Goetzis"]
[BlackTeam "Bregenz"]

1.d4 d5 2.c4 e6 3.Nf3 Nf6 4.g3 Bb4+ 5.Bd2 Be7 6.Nc3 O-O 7.Qc2 a6 8.e4 dxc4 9.e5
Nd5 10.Bxc4 Nb4 11.Qe4 Bd7 12.d5 exd5 13.Nxd5 Bc6 14.Bxb4 Bxb4+ 15.Kf1 Bxd5
16.Bxd5 c6 17.Bb3 Qe7 18.Rd1 Ba5 19.h4 Nd7 20.Ng5 g6 21.e6 Qf6 22.exf7+ Kh8
23.Rxd7 Bb6 24.Qe2 Bd4 25.Kg2 b5 26.Rd1 c5 27.Bd5 Rac8 28.Rd2 h6 29.Nf3 Rcd8
30.Rxd8 Qxd8 31.Qe6 1-0

[Event "2. Bundesliga West 2011/12"]
[Site "Salzburg"]
[Date "2011.10.07"]
[Round "1"]
[Board "1"]
[White "Brumen, Dinko"]
[Black "Medvegy, Zoltan"]
[Result "0-1"]
[WhiteElo "2347"]
[BlackElo "2531"]
[PlyCount "114"]
[EventDate "2011.10.07"]
[EventType "team"]
[EventRounds "11"]
[EventCountry "AUT"]
[WhiteTeam "Schwarzach"]
[BlackTeam "ATSV Ranshofen"]

1.d4 g6 2.Nf3 Bg7 3.c4 d6 4.Nc3 e5 5.g3 exd4 6.Nxd4 Nc6 7.Nxc6 bxc6 8.Bg2 Ne7
9.O-O O-O 10.Bg5 f6 11.Bf4 g5 12.Be3 Rb8 13.b3 c5 14.Rc1 Be6 15.Nd5 Nxd5 16.Bxd5
Qe7 17.Qd2 Kh8 18.Bxe6 Qxe6 19.Qa5 Qe7 20.Bd2 f5 21.Bc3 f4 22.Bxg7+ Kxg7 23.Rcd1
g4 24.Qc3+ Kg8 25.Rd5 h6 26.Qd3 Qh7 27.Qxh7+ Kxh7 28.gxf4 Rxf4 29.Kg2 a5 30.e3
Rf3 31.e4 Re8 32.e5 Rf5 33.exd6 Rxd5 34.cxd5 cxd6 35.Kg3 Re4 36.Rd1 Kg6 37.f3
gxf3 38.Kxf3 Kf5 39.Rd2 a4 40.bxa4 Rxa4 41.Re2 Rf4+ 42.Kg3 Re4 43.Rf2+ Ke5 44.h4
h5 45.Rf8 Rg4+ 46.Kh3 Ra4 47.Rh8 Ra3+ 48.Kg2 Rxa2+ 49.Kg3 Ra3+ 50.Kg2 Kxd5
51.Rxh5+ Ke4 52.Rh8 d5 53.h5 Ra6 54.h6 Kd4 55.Kf3 c4 56.Kf4 c3 57.Kg5 Rc6 0-1

[Event "2. Bundesliga West 2011/12"]
[Site "Salzburg"]
[Date "2011.10.07"]
[Round "1"]
[Board "2"]
[White "Menacher, Manfred"]
[Black "Hecht, Hans-Joachim"]
[Result "1-0"]
[WhiteElo "2307"]
[BlackElo "2383"]
[PlyCount "59"]
[EventDate "2011.10.07"]
[EventType "team"]
[EventRounds "11"]
[EventCountry "AUT"]
[WhiteTeam "ATSV Ranshofen"]
[BlackTeam "Schwarzach"]

1.Nf3 Nf6 2.c4 e6 3.g3 b6 4.Bg2 Bb7 5.O-O Be7 6.Nc3 O-O 7.Re1 d5 8.cxd5 exd5
9.d4 Nbd7 10.Bf4 c5 11.dxc5 Nxc5 12.Rc1 Nce4 13.Nd4 Rc8 14.Nxe4 Nxe4 15.Rxc8
Qxc8 16.Qa4 Bc5 17.Be3 a6 18.Rc1 Qe8 19.Qxe8 Rxe8 20.Nf5 g6 21.Bxc5 Nxc5 22.Nd6
Rxe2 23.b4 Ne4 24.Nxb7 Rxa2 25.Bxe4 dxe4 26.Rc6 a5 27.Rxb6 a4 28.Ra6 a3 29.Nc5
f5 30.b5 1-0

[Event "2. Bundesliga West 2011/12"]
[Site "Salzburg"]
[Date "2011.10.07"]
[Round "1"]
[Board "3"]
[White "Ljubic, Juro"]
[Black "Dovzik, Juri"]
[Result "1/2-1/2"]
[WhiteElo "2190"]
[BlackElo "2341"]
[PlyCount "61"]
[EventDate "2011.10.07"]
[EventType "team"]
[EventRounds "11"]
[EventCountry "AUT"]
[WhiteTeam "Schwarzach"]
[BlackTeam "ATSV Ranshofen"]

1.e4 c6 2.Nc3 d5 3.Nf3 Bg4 4.h3 Bxf3 5.Qxf3 e6 6.d3 Nf6 7.Bd2 Be7 8.g4 Nfd7
9.O-O-O Bg5 10.Bxg5 Qxg5+ 11.Kb1 Qe7 12.exd5 exd5 13.Bg2 O-O 14.Rde1 Qd6 15.Re2
Na6 16.Rhe1 Nc7 17.Qg3 Qxg3 18.fxg3 Rfe8 19.Rxe8+ Rxe8 20.Rxe8+ Nxe8 21.Kc1 Kf8
22.Kd2 Ke7 23.Ne2 Ne5 24.b3 f6 25.d4 Ng6 26.Kd3 Kd6 27.c4 Ne7 28.a4 g5 29.Nc3
Nc7 30.Bf3 h6 31.Nd1 1/2-1/2

[Event "2. Bundesliga West 2011/12"]
[Site "Salzburg"]
[Date "2011.10.07"]
[Round "1"]
[Board "4"]
[White "Zoister, Stefan"]
[Black "Huber, David"]
[Result "0-1"]
[WhiteElo "2229"]
[BlackElo "2128"]
[PlyCount "90"]
[EventDate "2011.10.07"]
[EventType "team"]
[EventRounds "11"]
[EventCountry "AUT"]
[WhiteTeam "ATSV Ranshofen"]
[BlackTeam "Schwarzach"]

1.e4 Nc6 2.d4 e5 3.dxe5 Nxe5 4.Nf3 Nxf3+ 5.Qxf3 Qf6 6.Be2 Bc5 7.O-O Qxf3 8.Bxf3
Ne7 9.Nd2 d6 10.Nb3 Bb6 11.Bd2 O-O 12.Na5 Be6 13.Be2 Nc6 14.Nc4 Nd4 15.Bd3 Bxc4
16.Bxc4 Nxc2 17.Rad1 Nd4 18.Kh1 Nc6 19.Bc3 Ba5 20.Bd4 Rfe8 21.f3 Kf8 22.a3 Nxd4
23.Rxd4 Bb6 24.Rd5 Re5 25.Rfd1 Rae8 26.g3 g6 27.Rxe5 Rxe5 28.Rd5 Rxd5 29.exd5
Ke7 30.f4 c6 31.a4 Bd4 32.b3 c5 33.Kg2 a6 34.Kf3 Kd7 35.f5 Kc7 36.fxg6 hxg6
37.Be2 Kb6 38.Ke4 Ka5 39.Kd3 Kb4 40.Kc2 b5 41.axb5 axb5 42.Bf1 Be5 43.Be2 c4
44.bxc4 bxc4 45.Kd2 Kc5 0-1

[Event "2. Bundesliga West 2011/12"]
[Site "Salzburg"]
[Date "2011.10.07"]
[Round "1"]
[Board "5"]
[White "Stoeckl, Norbert"]
[Black "Ager, Josef"]
[Result "1/2-1/2"]
[WhiteElo "2057"]
[BlackElo "2195"]
[PlyCount "139"]
[EventDate "2011.10.07"]
[EventType "team"]
[EventRounds "11"]
[EventCountry "AUT"]
[WhiteTeam "Schwarzach"]
[BlackTeam "ATSV Ranshofen"]

1.c4 g6 2.Nf3 Bg7 3.Nc3 e5 4.g3 Ne7 5.Bg2 O-O 6.O-O Nbc6 7.d3 Rb8 8.Bd2 a6 9.Qc1
Re8 10.h4 h5 11.Ng5 f6 12.Nge4 Nf5 13.Kh2 Ncd4 14.e3 Ne6 15.a4 d6 16.b4 Nh6
17.f3 c6 18.a5 Rf8 19.Ra2 f5 20.Nf2 f4 21.Bh3 fxg3+ 22.Kxg3 d5 23.Na4 g5 24.Nb6
gxh4+ 25.Kh2 Rxf3 26.Nxc8 Ng5 27.e4 Nxh3 28.Bxh6 Qxc8 29.cxd5 Nxf2 30.Rfxf2 Qh3+
31.Kg1 Rg3+ 32.Rg2 Qg4 33.d6 h3 34.Rxg3 Qxg3+ 35.Kh1 Qxd3 36.Kh2 Qxd6 37.Bxg7
Kxg7 38.Qg5+ Kh7 39.Rf2 Qg6 40.Qe7+ Kg8 41.Kxh3 Re8 42.Qxb7 Qe6+ 43.Kh2 Re7
44.Rg2+ Kh7 45.Qxa6 Qf6 46.Qe2 Qh4+ 47.Kg1 Rb7 48.Rh2 Qg5+ 49.Rg2 Qc1+ 50.Kh2
Qf4+ 51.Kh3 Kh6 52.Rf2 Qc1 53.Rf6+ Kg7 54.Rf1 Qg5 55.Rf5 Qg4+ 56.Qxg4+ hxg4+
57.Kxg4 Rxb4 58.Rxe5 Kf6 59.Kf4 Rc4 60.Rh5 Rc1 61.a6 c5 62.Rh6+ Kg7 63.Rc6 Ra1
64.Ke5 c4 65.Kd4 c3 66.Kd3 Kf7 67.Rc7+ Ke6 68.a7 Ra3 69.Rh7 Ke5 70.Rd7 1/2-1/2

[Event "2. Bundesliga West 2011/12"]
[Site "Salzburg"]
[Date "2011.10.07"]
[Round "1"]
[Board "6"]
[White "Riediger, Martin"]
[Black "Kiss, Josef"]
[Result "1-0"]
[WhiteElo "2232"]
[BlackElo "1785"]
[PlyCount "81"]
[EventDate "2011.10.07"]
[EventType "team"]
[EventRounds "11"]
[EventCountry "AUT"]
[WhiteTeam "ATSV Ranshofen"]
[BlackTeam "Schwarzach"]

1.c4 Nf6 2.g3 e6 3.Bg2 Be7 4.Nf3 O-O 5.O-O d5 6.b3 c5 7.Bb2 b6 8.e3 Bb7 9.Nc3
Nbd7 10.Qe2 a6 11.Rfd1 Rc8 12.d4 Qc7 13.cxd5 Nxd5 14.Nxd5 exd5 15.dxc5 bxc5
16.Rac1 Bf6 17.Ne1 Bxb2 18.Qxb2 Nf6 19.Nd3 Qa5 20.Qc3 Qxc3 21.Rxc3 d4 22.Bxb7
dxc3 23.Bxc8 Rxc8 24.Rc1 Nd5 25.e4 Nf6 26.f3 Nd7 27.Rxc3 f6 28.Rc4 a5 29.Kf2 Kf7
30.Ke3 Ke7 31.f4 Kd6 32.Nb2 Nb6 33.Rc2 Kc6 34.Nd3 Nd7 35.g4 h6 36.h4 Kd6 37.Nb2
Ke6 38.Nc4 a4 39.bxa4 Ra8 40.Rd2 Ke7 41.Rxd7+ 1-0

[Event "2. Bundesliga West 2011/12"]
[Site "Salzburg"]
[Date "2011.10.07"]
[Round "1"]
[Board "1"]
[White "Roth, Peter"]
[Black "Levushkina,  Elena"]
[Result "0-1"]
[WhiteElo "2262"]
[BlackElo "2310"]
[PlyCount "46"]
[EventDate "2011.10.07"]
[EventType "team"]
[EventRounds "11"]
[EventCountry "AUT"]
[WhiteTeam "ASK Salzburg"]
[BlackTeam "Kufstein / Woergl 2"]

1.b3 e5 2.Bb2 Nc6 3.e3 d5 4.Bb5 Bd6 5.Nf3 f6 6.d4 e4 7.Nfd2 a6 8.Bxc6+ bxc6 9.c4
a5 10.cxd5 f5 11.dxc6 Nf6 12.Nc3 O-O 13.Qc2 Ng4 14.Nc4 f4 15.O-O-O fxe3 16.fxe3
Nf2 17.Nxd6 cxd6 18.d5 Qg5 19.Qd2 Nd3+ 20.Kb1 Rf2 21.Ne2 Bg4 22.Rhe1 Qh5 23.Qc3
Nxb2 0-1

[Event "2. Bundesliga West 2011/12"]
[Site "Salzburg"]
[Date "2011.10.07"]
[Round "1"]
[Board "2"]
[White "Maurer, Jochen"]
[Black "Juergens, Klaus"]
[Result "1/2-1/2"]
[WhiteElo "2272"]
[BlackElo "2165"]
[PlyCount "82"]
[EventDate "2011.10.07"]
[EventType "team"]
[EventRounds "11"]
[EventCountry "AUT"]
[WhiteTeam "Kufstein / Woergl 2"]
[BlackTeam "ASK Salzburg"]

1.e4 c5 2.Nf3 g6 3.Nc3 Bg7 4.g3 Nc6 5.Bg2 e6 6.O-O Nge7 7.d3 O-O 8.Be3 Nd4 9.Nh4
d6 10.f4 f5 11.Qd2 Rb8 12.Nd1 b6 13.Nf2 d5 14.e5 Ndc6 15.d4 cxd4 16.Bxd4 Nxd4
17.Qxd4 g5 18.Nf3 g4 19.Nd2 Nc6 20.Qc3 Bb7 21.Nb3 Rc8 22.Qd2 Rf7 23.c3 h5
24.Rfd1 Bf8 25.Nd4 Nxd4 26.cxd4 Rfc7 27.Rdc1 Ba6 28.a3 Bc4 29.Qe3 a5 30.Bf1 Bxf1
31.Kxf1 Rc2 32.Rxc2 Rxc2 33.Rc1 Qc8 34.Nd3 Qc4 35.Rxc2 Qxc2 36.Qe2 Qb1+ 37.Ne1
Qc1 38.Kf2 h4 39.Qc2 Qa1 40.Qb3 Qc1 41.Qc2 Qxc2+ 1/2-1/2

[Event "2. Bundesliga West 2011/12"]
[Site "Salzburg"]
[Date "2011.10.07"]
[Round "1"]
[Board "3"]
[White "Loeffler, Christoph"]
[Black "Neuschmied, Siegfried"]
[Result "0-1"]
[WhiteElo "2161"]
[BlackElo "2308"]
[PlyCount "94"]
[EventDate "2011.10.07"]
[EventType "team"]
[EventRounds "11"]
[EventCountry "AUT"]
[WhiteTeam "ASK Salzburg"]
[BlackTeam "Kufstein / Woergl 2"]

1.e4 g6 2.d4 d6 3.Nf3 Nf6 4.Bd3 Bg7 5.c3 O-O 6.Bg5 c5 7.O-O cxd4 8.Nxd4 Nbd7
9.Qe2 Nc5 10.Bc2 b6 11.a4 Ba6 12.Nb5 Qd7 13.f3 Rfc8 14.Rd1 Ne8 15.N1a3 Qe6
16.Qd2 Nf6 17.Nd4 Qd7 18.b3 Ne6 19.Be3 d5 20.e5 Ne8 21.f4 Nxd4 22.Bxd4 e6 23.g4
f6 24.Bd3 Bxd3 25.Qxd3 fxe5 26.fxe5 Nc7 27.Rf1 Rf8 28.Rxf8+ Rxf8 29.Rf1 Qe7
30.Nc2 Qg5 31.Rxf8+ Bxf8 32.Qe2 Qc1+ 33.Kg2 Qb2 34.b4 Qa2 35.Qf2 Qxa4 36.h4 Be7
37.g5 Qa2 38.Ne3 Qxf2+ 39.Kxf2 Nb5 40.Nc2 h6 41.gxh6 Bxh4+ 42.Kf3 Kh7 43.Be3 Be7
44.Bd2 Bf8 45.Nd4 Nxd4+ 46.cxd4 Bxh6 47.Be1 a6 0-1

[Event "2. Bundesliga West 2011/12"]
[Site "Salzburg"]
[Date "2011.10.07"]
[Round "1"]
[Board "4"]
[White "Englert, Jan"]
[Black "Scheiblmaier, Robert"]
[Result "1/2-1/2"]
[WhiteElo "2120"]
[BlackElo "2113"]
[PlyCount "60"]
[EventDate "2011.10.07"]
[EventType "team"]
[EventRounds "11"]
[EventCountry "AUT"]
[WhiteTeam "Kufstein / Woergl 2"]
[BlackTeam "ASK Salzburg"]

1.d4 d5 2.Nc3 e6 3.Nf3 c5 4.e4 cxd4 5.Qxd4 Nc6 6.Bb5 Bd7 7.Qe3 dxe4 8.Qxe4 Nf6
9.Qe2 a6 10.Ba4 Bb4 11.Bd2 Qa5 12.Bb3 Qh5 13.Ne4 Bxd2+ 14.Nexd2 O-O 15.O-O Na5
16.Qe5 Qxe5 17.Nxe5 Nxb3 18.Nxb3 Ba4 19.Nd4 Rfd8 20.c3 Rac8 21.Rfe1 Nd7 22.Nxd7
Rxd7 23.Re3 Bc6 24.Nxc6 Rxc6 25.Kf1 Rcd6 26.Ke1 f6 27.Rc1 e5 28.c4 Kf7 29.Re2
Rd4 30.f3 h5 1/2-1/2

[Event "2. Bundesliga West 2011/12"]
[Site "Salzburg"]
[Date "2011.10.07"]
[Round "1"]
[Board "5"]
[White "Navratil, Robert"]
[Black "Kranewitter, Norbert"]
[Result "1/2-1/2"]
[WhiteElo "2108"]
[BlackElo "2097"]
[PlyCount "37"]
[EventDate "2011.10.07"]
[EventType "team"]
[EventRounds "11"]
[EventCountry "AUT"]
[WhiteTeam "ASK Salzburg"]
[BlackTeam "Kufstein / Woergl 2"]

1.e4 c6 2.d4 d5 3.exd5 cxd5 4.c4 Nf6 5.Nc3 Nc6 6.Nf3 Bg4 7.cxd5 Nxd5 8.Qb3 Bxf3
9.gxf3 e6 10.Qxb7 Nxd4 11.Bb5+ Nxb5 12.Qc6+ Ke7 13.Qxb5 Qd7 14.Nxd5+ Qxd5
15.Qxd5 exd5 16.Ke2 Ke6 17.Kd3 Kd6 18.Ke2 Ke6 19.Kd3 1/2-1/2

[Event "2. Bundesliga West 2011/12"]
[Site "Salzburg"]
[Date "2011.10.07"]
[Round "1"]
[Board "6"]
[White "Steinbacher, Thomas"]
[Black "Vlasak, Reinhard"]
[Result "1/2-1/2"]
[WhiteElo "2053"]
[BlackElo "2095"]
[PlyCount "101"]
[EventDate "2011.10.07"]
[EventType "team"]
[EventRounds "11"]
[EventCountry "AUT"]
[WhiteTeam "Kufstein / Woergl 2"]
[BlackTeam "ASK Salzburg"]

1.d4 d5 2.Nc3 Nf6 3.Bg5 e6 4.e4 dxe4 5.Nxe4 Be7 6.Bxf6 Bxf6 7.Nf3 Nd7 8.Bd3 c5
9.Nxf6+ Nxf6 10.dxc5 Qa5+ 11.c3 Qxc5 12.O-O O-O 13.Re1 Bd7 14.Ne5 Bc6 15.Qc2
Rad8 16.Re3 Rd5 17.Rae1 Rfd8 18.h3 a5 19.Kh1 a4 20.Nf3 Qd6 21.Bc4 Rd1 22.Nd4
Rxe1+ 23.Rxe1 Bd5 24.Qxa4 Qf4 25.Re2 h5 26.Bxd5 Nxd5 27.Qc2 e5 28.Re4 Qf6 29.Nf3
Nf4 30.Rxe5 Qa6 31.Qb1 Nd3 32.Re2 Nf4 33.Re3 g6 34.Nd4 Qc4 35.b3 Qa6 36.a4 Nd5
37.Rf3 Nxc3 38.Rxc3 Rxd4 39.Rc8+ Kg7 40.Qc1 Qf6 41.Qe1 Qd6 42.Rc1 Kh7 43.Qe2 Qd5
44.Rc3 Rd1+ 45.Kh2 Qd6+ 46.g3 h4 47.Qf3 hxg3+ 48.Qxg3 Qd5 49.Qf3 Qe5+ 50.Kg2
Qg5+ 51.Qg3 1/2-1/2

[Event "2. Bundesliga West 2011/12"]
[Site "Absam"]
[Date "2011.10.08"]
[Round "2"]
[Board "1"]
[White "Platzgummer, Fabian"]
[Black "Luther, Thomas"]
[Result "0-1"]
[WhiteElo "2304"]
[BlackElo "2524"]
[PlyCount "110"]
[EventDate "2011.10.07"]
[EventType "team"]
[EventRounds "11"]
[EventCountry "AUT"]
[WhiteTeam "Zillertal"]
[BlackTeam "SC Absam"]

1.c4 e5 2.g3 Nf6 3.Bg2 d5 4.cxd5 Nxd5 5.Nc3 Nb6 6.Nf3 Nc6 7.O-O Be7 8.a3 O-O
9.b4 Re8 10.Bb2 Bf8 11.d3 Bf5 12.b5 Nd4 13.Ne1 c6 14.bxc6 Nxc6 15.a4 Nd7 16.Nc2
Rc8 17.Rb1 Be6 18.f4 Bb3 19.Qd2 Nd4 20.Na1 Be6 21.e3 Bb4 22.Qf2 Nc5 23.Rfd1 Bg4
24.exd4 Bxd1 25.Rxd1 Bxc3 26.dxc5 Bxb2 27.Qxb2 Rxc5 28.f5 e4 29.d4 Rxf5 30.Nc2
e3 31.Qc3 e2 32.Re1 Qa5 33.Qd3 g6 34.Rxe2 Rxe2 35.Qxe2 Qxa4 36.Bxb7 Qb5 37.Qxb5
Rxb5 38.Ba6 Rb2 39.Bd3 Rb3 40.Be4 Kf8 41.Kf2 f5 42.Bf3 a5 43.Ke2 Rb1 44.Kd3 Rb3+
45.Ke2 Rb1 46.Bc6 Ke7 47.d5 Kd6 48.Nd4 a4 49.Nc2 Rh1 50.Kd3 Rxh2 51.Ne3 a3
52.Nc4+ Kc5 53.Nxa3 f4 54.Ke4 fxg3 55.Kf3 Ra2 0-1

[Event "2. Bundesliga West 2011/12"]
[Site "Absam"]
[Date "2011.10.08"]
[Round "2"]
[Board "2"]
[White "Rotstein, Arkadij"]
[Black "Lanka, Zigurds"]
[Result "1-0"]
[WhiteElo "2502"]
[BlackElo "2442"]
[PlyCount "89"]
[EventDate "2011.10.07"]
[EventType "team"]
[EventRounds "11"]
[EventCountry "AUT"]
[WhiteTeam "SC Absam"]
[BlackTeam "Zillertal"]

1.e4 c5 2.Nf3 e6 3.g3 Nc6 4.Bg2 d6 5.O-O Nf6 6.Re1 e5 7.c3 Be7 8.h3 Bd7 9.d4
cxd4 10.cxd4 Qc8 11.Kh2 h5 12.dxe5 dxe5 13.Nc3 Ng4+ 14.Kg1 Nf6 15.Nd5 Bd8 16.Ng5
h4 17.g4 O-O 18.Nf3 Nxd5 19.exd5 Nd4 20.Nxe5 Nc2 21.Nxd7 Nxe1 22.Nxf8 Nxg2
23.Kxg2 Kxf8 24.Be3 Qd7 25.Qd3 Kg8 26.Rd1 Bf6 27.b3 Qd6 28.Qe4 g6 29.g5 Bg7
30.Qxh4 b5 31.Qe4 Qd7 32.Qg4 Qb7 33.Kg1 Rd8 34.d6 Be5 35.Bf4 Bxf4 36.Qxf4 Qd7
37.Qg4 Qxg4+ 38.hxg4 Kf8 39.Kg2 a6 40.Kf3 Ke8 41.d7+ Rxd7 42.Rxd7 Kxd7 43.Ke4
Ke6 44.b4 Kd6 45.Kd4 1-0

[Event "2. Bundesliga West 2011/12"]
[Site "Absam"]
[Date "2011.10.08"]
[Round "2"]
[Board "3"]
[White "Maiwald, Jens-Uwe"]
[Black "Dizdar, Goran"]
[Result "0-1"]
[WhiteElo "2457"]
[BlackElo "2495"]
[PlyCount "58"]
[EventDate "2011.10.07"]
[EventType "team"]
[EventRounds "11"]
[EventCountry "AUT"]
[WhiteTeam "Zillertal"]
[BlackTeam "SC Absam"]

1.g3 d5 2.Bg2 Nf6 3.d3 c5 4.Nf3 g6 5.O-O Bg7 6.a3 O-O 7.Nc3 b6 8.Rb1 Bb7 9.b4
Nbd7 10.e4 Rc8 11.b5 c4 12.Nxd5 Nxd5 13.exd5 cxd3 14.cxd3 Bxd5 15.d4 Rc4 16.Re1
Bxf3 17.Qxf3 Rxd4 18.Qb7 Nc5 19.Qc6 Rd6 20.Qf3 Nd3 21.Rf1 Bd4 22.Be3 Bxe3
23.Qxe3 Qc7 24.Bc6 Rfd8 25.Rfd1 Nc5 26.Rdc1 Rd3 27.Qh6 Qd6 28.a4 Rd2 29.Qf4 Qd4 0-1

[Event "2. Bundesliga West 2011/12"]
[Site "Absam"]
[Date "2011.10.08"]
[Round "2"]
[Board "4"]
[White "Schmittdiel, Eckhard"]
[Black "Hausner, Ivan"]
[Result "0-1"]
[WhiteElo "2466"]
[BlackElo "2405"]
[PlyCount "64"]
[EventDate "2011.10.07"]
[EventType "team"]
[EventRounds "11"]
[EventCountry "AUT"]
[WhiteTeam "SC Absam"]
[BlackTeam "Zillertal"]

1.e4 c5 2.c3 d5 3.exd5 Qxd5 4.d4 e6 5.Na3 Qd8 6.Nf3 Nf6 7.Be2 Nc6 8.Nc2 Be7
9.O-O O-O 10.Bf4 Qb6 11.Qc1 Bd7 12.a4 Rac8 13.dxc5 Qxc5 14.b4 Qf5 15.Rd1 Nd5
16.Ne3 Nxf4 17.Nxf5 Nxe2+ 18.Kf1 Nxc1 19.Nxe7+ Nxe7 20.Rxd7 Nb3 21.Rb1 Rxc3
22.Rxe7 Rxf3 23.Rd1 Rc3 24.Rxb7 a5 25.bxa5 Nxa5 26.Rb5 Nc4 27.Ra1 g6 28.a5 Ra8
29.Ra4 Ra6 30.g3 Kg7 31.h4 h5 32.Ke2 Nd6 0-1

[Event "2. Bundesliga West 2011/12"]
[Site "Absam"]
[Date "2011.10.08"]
[Round "2"]
[Board "5"]
[White "Kleissl, Helmut"]
[Black "Wegerle, Joerg"]
[Result "0-1"]
[WhiteElo "2306"]
[BlackElo "2450"]
[PlyCount "66"]
[EventDate "2011.10.07"]
[EventType "team"]
[EventRounds "11"]
[EventCountry "AUT"]
[WhiteTeam "Zillertal"]
[BlackTeam "SC Absam"]

1.c4 e6 2.g3 Nf6 3.Bg2 d5 4.Nf3 dxc4 5.a4 Nc6 6.a5 Bb4 7.a6 Rb8 8.axb7 Bxb7
9.O-O O-O 10.Qa4 a5 11.Na3 Qd5 12.Nc2 Qc5 13.b3 Ne5 14.bxc4 Nxf3+ 15.exf3 Qxc4
16.Ne3 Qd4 17.Rb1 Ba6 18.Bb2 Qd7 19.Qa1 Bxf1 20.Rxf1 Ne8 21.Ng4 f6 22.f4 Kh8
23.Ne3 Nd6 24.d4 Nf5 25.Ng4 Rb6 26.Rd1 Rd6 27.h4 c5 28.d5 exd5 29.h5 Nxg3
30.Nxf6 Ne2+ 31.Kf1 gxf6 32.Bxf6+ Rfxf6 33.Rxd5 Nc3 0-1

[Event "2. Bundesliga West 2011/12"]
[Site "Absam"]
[Date "2011.10.08"]
[Round "2"]
[Board "6"]
[White "De Francesco, Klaus"]
[Black "Tabernig, Bernhard"]
[Result "0-1"]
[WhiteElo "2307"]
[BlackElo "2317"]
[PlyCount "134"]
[EventDate "2011.10.07"]
[EventType "team"]
[EventRounds "11"]
[EventCountry "AUT"]
[WhiteTeam "SC Absam"]
[BlackTeam "Zillertal"]

1.d4 d5 2.c4 c6 3.Nf3 Nf6 4.Nc3 dxc4 5.a4 Bf5 6.Ne5 Na6 7.Nxc4 Nb4 8.Na3 e5
9.dxe5 Qxd1+ 10.Nxd1 Nd7 11.Ne3 Be6 12.Bd2 Nxe5 13.Bc3 f6 14.Nac2 a5 15.g3 Bd5
16.Rg1 Bc5 17.Nxb4 axb4 18.Nxd5 cxd5 19.Bxe5 fxe5 20.e3 O-O 21.Bb5 Rf6 22.Ke2
Raf8 23.Rgf1 d4 24.Rac1 b6 25.Bc4+ Kh8 26.Rcd1 g5 27.h3 Kg7 28.b3 h5 29.f3 dxe3
30.Rd7+ Kh8 31.Bd5 Rg6 32.Rd1 Rg7 33.Be4 Bd4 34.Rxg7 Kxg7 35.Rc1 g4 36.Rc7+ Kg8
37.hxg4 hxg4 38.Rb7 gxf3+ 39.Bxf3 Rc8 40.Bd5+ Kf8 41.Rf7+ Ke8 42.Rf1 Rc2+ 43.Kf3
Rh2 44.Bc4 Kf8 45.Re1 Kg7 46.Re2 Rh1 47.Rc2 Kf6 48.Bd3 Rd1 49.Ke2 Ra1 50.Rc6+
Ke7 51.Rc2 Bc5 52.Kf3 Kf6 53.Rh2 Rd1 54.Bc4 Kg5 55.g4 Bd4 56.Rh5+ Kg6 57.Rh2 Rc1
58.Bd3+ Kg7 59.Rc2 Rh1 60.Rc7+ Kf8 61.Rc2 Rh3+ 62.Ke2 Rg3 63.Bf5 Ke7 64.Rc1 Kf6
65.Rf1 Kg5 66.Rh1 Rg2+ 67.Kf1 Rf2+ 0-1

[Event "2. Bundesliga West 2011/12"]
[Site "Absam"]
[Date "2011.10.08"]
[Round "2"]
[Board "1"]
[White "Schmidt, Georg"]
[Black "Bayer, Bernhard"]
[Result "0-1"]
[WhiteElo "2368"]
[BlackElo "2434"]
[PlyCount "80"]
[EventDate "2011.10.07"]
[EventType "team"]
[EventRounds "11"]
[EventCountry "AUT"]
[WhiteTeam "Rochade Rum"]
[BlackTeam "Schwaz"]

1.e4 e5 2.Nf3 Nc6 3.Bb5 a6 4.Ba4 Nf6 5.d4 exd4 6.O-O Be7 7.e5 Ne4 8.Nxd4 O-O
9.Nf5 Nc5 10.Qg4 g6 11.Bxc6 dxc6 12.Nxe7+ Qxe7 13.Qe2 Re8 14.Re1 Bf5 15.Nc3 h5
16.h3 Qh4 17.Qe3 Nd7 18.Qf4 Qxf4 19.Bxf4 Bxc2 20.g4 hxg4 21.hxg4 g5 22.Bg3 Bg6
23.b4 Nf8 24.Na4 Ne6 25.Rac1 a5 26.bxa5 Rxa5 27.Nc3 b5 28.Re2 Nd4 29.Rb2 Ra3
30.Kg2 Kf8 31.f4 gxf4 32.Bxf4 Ne6 33.Be3 Rd8 34.Nd1 Ke7 35.Kf2 Rd5 36.Bd2 Rad3
37.Rcc2 R3d4 38.Ne3 Bxc2 39.Nxd5+ cxd5 40.Rxc2 Rxg4 0-1

[Event "2. Bundesliga West 2011/12"]
[Site "Absam"]
[Date "2011.10.08"]
[Round "2"]
[Board "2"]
[White "Fuchs, Georg"]
[Black "Panteleev, Petar"]
[Result "1-0"]
[WhiteElo "2289"]
[BlackElo "2347"]
[PlyCount "69"]
[EventDate "2011.10.07"]
[EventType "team"]
[EventRounds "11"]
[EventCountry "AUT"]
[WhiteTeam "Schwaz"]
[BlackTeam "Rochade Rum"]

1.e4 e5 2.Nf3 Nc6 3.d4 exd4 4.Bc4 Nf6 5.O-O Nxe4 6.Re1 d5 7.Bxd5 Qxd5 8.Nc3 Qh5
9.Nxe4 Be6 10.Bg5 Bd6 11.h3 h6 12.Bf6 Qg6 13.Nh4 Qh7 14.Nxd6+ cxd6 15.Rxe6+ fxe6
16.Qh5+ Kd7 17.Qf7+ Kc8 18.Qxe6+ Kc7 19.Qf7+ Kb8 20.Ng6 gxf6 21.Nxh8 Qxf7
22.Nxf7 Kc7 23.Nxh6 Nb4 24.a3 Nxc2 25.Rc1 d3 26.Rd1 Kd7 27.Rxd3 Ke6 28.g4 d5
29.Nf5 Ke5 30.Rc3 Na1 31.Re3+ Kf4 32.Rd3 Rd8 33.Rd4+ Ke5 34.f4+ Ke6 35.h4 1-0

[Event "2. Bundesliga West 2011/12"]
[Site "Absam"]
[Date "2011.10.08"]
[Round "2"]
[Board "3"]
[White "Gatterer, Florian"]
[Black "Blaas, Hansjoerg"]
[Result "1-0"]
[WhiteElo "2274"]
[BlackElo "2234"]
[PlyCount "120"]
[EventDate "2011.10.07"]
[EventType "team"]
[EventRounds "11"]
[EventCountry "AUT"]
[WhiteTeam "Rochade Rum"]
[BlackTeam "Schwaz"]

1.d4 d5 2.Bf4 Nf6 3.e3 e6 4.Nd2 c5 5.c3 Nc6 6.Ngf3 a6 7.Bd3 Be7 8.Ne5 Bd7 9.O-O
c4 10.Bc2 b5 11.a3 Qb6 12.Bg5 Nxe5 13.dxe5 Ng8 14.Qg4 f5 15.Qg3 Kf7 16.Nf3 h6
17.Bxe7 Nxe7 18.h4 g6 19.Nd4 Nc6 20.h5 g5 21.Bxf5 exf5 22.e6+ Ke7 23.exd7 Nxd4
24.exd4 Kxd7 25.Qf3 Qd6 26.Qxf5+ Kc6 27.Rae1 Rae8 28.Re5 Rhf8 29.Qh7 Rxe5
30.dxe5 Qxe5 31.Qxh6+ Rf6 32.Qg7 d4 33.cxd4 Qxd4 34.h6 Rd6 35.Qxg5 Qxb2 36.h7
Qh8 37.Qg8 Rd8 38.Qg6+ Rd6 39.Qg8 Rd8 40.Qg6+ Rd6 41.Qe4+ Kb6 42.Qe7 Rc6 43.Re1
Rc7 44.Qe6+ Rc6 45.Qe7 c3 46.Re6 Rxe6 47.Qxe6+ Kc5 48.Qg8 c2 49.Qxh8 c1=Q+
50.Kh2 Qh6+ 51.Kg3 Qg5+ 52.Kf3 Qd5+ 53.Kf4 Qd2+ 54.Kg4 Qe2+ 55.Kg5 Qd2+ 56.Kh5
Qd5+ 57.Kh4 Qe4+ 58.g4 Qh1+ 59.Kg5 Qd5+ 60.Kf4 Qd2+ 1-0

[Event "2. Bundesliga West 2011/12"]
[Site "Absam"]
[Date "2011.10.08"]
[Round "2"]
[Board "4"]
[White "Gruber, Michael"]
[Black "Eybl, Alexander"]
[Result "1/2-1/2"]
[WhiteElo "2125"]
[BlackElo "2275"]
[PlyCount "61"]
[EventDate "2011.10.07"]
[EventType "team"]
[EventRounds "11"]
[EventCountry "AUT"]
[WhiteTeam "Schwaz"]
[BlackTeam "Rochade Rum"]

1.e4 c5 2.Nf3 e6 3.d4 cxd4 4.Nxd4 a6 5.Nc3 b5 6.Bd3 Qb6 7.Nb3 Qc7 8.O-O d6 9.a4
b4 10.Na2 Nc6 11.Bd2 Qb7 12.c3 bxc3 13.Bxc3 Nf6 14.Re1 Be7 15.Nd4 Nxd4 16.Bxd4
e5 17.Bc3 Be6 18.Nb4 O-O 19.a5 Nd7 20.Qe2 Nc5 21.Bc4 Bxc4 22.Qxc4 Ne6 23.Nd5 Bg5
24.Nb6 Rad8 25.Rad1 Nc7 26.Rd3 Nb5 27.Red1 Rfe8 28.Rd5 Be7 29.R5d3 Bg5 30.Rd5
Be7 31.R5d3 1/2-1/2

[Event "2. Bundesliga West 2011/12"]
[Site "Absam"]
[Date "2011.10.08"]
[Round "2"]
[Board "5"]
[White "Hengl, Christian"]
[Black "Kondrak, Christof"]
[Result "0-1"]
[WhiteElo "2240"]
[BlackElo "2176"]
[PlyCount "68"]
[EventDate "2011.10.07"]
[EventType "team"]
[EventRounds "11"]
[EventCountry "AUT"]
[WhiteTeam "Rochade Rum"]
[BlackTeam "Schwaz"]

1.e4 c5 2.Nc3 Nc6 3.f4 e6 4.Nf3 g6 5.Bb5 Bg7 6.Bxc6 bxc6 7.e5 d5 8.exd6 Qxd6
9.Ne4 Qxf4 10.Nxc5 Qb4 11.Nb3 Ba6 12.Kf2 Nf6 13.Re1 c5 14.c3 Qb6 15.d4 Ng4+
16.Kg1 cxd4 17.Nfxd4 Ne5 18.Be3 Rd8 19.Nf5 exf5 20.Bxb6 Rxd1 21.Raxd1 axb6
22.Nd4 O-O 23.b3 Nd3 24.Re3 Bxd4 25.cxd4 Nf4 26.Kf2 Rc8 27.Rd2 Rc1 28.Re1 Rc3
29.Red1 Bb7 30.Kg1 Be4 31.h3 Kf8 32.Kh2 Ke7 33.Rf2 Nd3 34.Re2 Kd6 0-1